Former Jobs of World Leaders - Statistics

General Stats
  • This quiz has been taken 11 times
  • The average score is 2 of 15
Answer Stats
World Leader Answer % Correct
Ronald Reagan (US) Actor
80%
Volodymyr Zelenskyy (Ukraine) Comedian
70%
George Weah (Liberia) Footballer
40%
Nicolás Maduro (Venezuela) Bus Driver
20%
Sir Keir Starmer (UK) Human Rights Lawyer
10%
Donald Trump (US) Real Estate Tycoon
10%
Tony Abbott (Australia) Trainee Priest/Journalist
10%
Silvio Berlusconi (Italy) AC Milan Owner/ Media Tycoon
0%
Vladimir Putin (Russia) KGB Officer
0%
Lula Da Silva (Brazil) Metalworker
0%
Pope Francis Nightclub Bouncer/Janitor
0%
Bashar al-Assad (Syria) Ophthalmologist
0%
Angela Merkel (Germany) Research Scientist
0%
Recep Tayyip Erdoğan (Turkey) Street Vendor/ Semi-Pro Footballer
0%
Xavier Bettel (Luxembourg) Talk Show Host
0%
No matching quizzes found
Score Distribution
Percent of People with Each Score
Percentile by Number Answered
Your Score History
You have not taken this quiz